Statistics for Mens USA Ultimate College D1 Nationals Appearances

Click here to take the quiz!

General Stats

  • This quiz has been taken 4 times
  • The average score is 41 of 100

Answer Stats

Number of AppearancesUniversity% Correct
3Ohio
100%
5Ohio State
100%
2Arizona
75%
8California
75%
24Colorado
75%
1Colorado State
75%
7Florida
75%
5Florida State
75%
2George Washington
75%
4Indiana
75%
16Kansas
75%
19Michigan
75%
4Michigan State
75%
18Oregon
75%
1Oregon State
75%
22Stanford
75%
26Texas
75%
1Utah
75%
5Vermont
75%
11Washington
75%
28Wisconsin
75%
5Auburn
50%
29Carleton College
50%
5Central Florida
50%
1Cincinnati
50%
1Colorado College
50%
4Connecticut
50%
21Cornell
50%
4Delaware
50%
10East Carolina
50%
1Eastern Michigan
50%
1Georgetown
50%
22Georgia
50%
5Georgia Tech
50%
6Iowa
50%
1Iowa State
50%
3LSU
50%
2Maryland
50%
10Minnesota
50%
1Minnesota- Duluth
50%
10NC State
50%
1North Texas
50%
17Pittsburgh
50%
2Rutgers
50%
1Texas State
50%
7UC San Diego
50%
10UC Santa Cruz
50%
17UNC
50%
16UNC- Wilmington
50%
3Utah State
50%
2Virginia
50%
1Virginia Tech
50%
5William & Mary
50%
2Boston College
25%
3British Colombia
25%
14Brown
25%
8Cal Poly SLO
25%
4Carnegie Mellon
25%
2Chabot Community College
25%
2Columbia
25%
4Dartmouth
25%
1Duke
25%
10Harvard
25%
1Las Positas
25%
4Luther
25%
9Massachusetts
25%
1Middlebury
25%
1Northwestern
25%
1Notre Dame
25%
4Oberlin
25%
1Penn State
25%
6Pennsylvania
25%
5Princeton
25%
4Rice
25%
1St. Louis
25%
1SUNY- Albany
25%
1SUNY- Binghampton
25%
3SUNY- Purchase
25%
3SW Missouri State University
25%
1Syracuse
25%
5Texas A&M
25%
1Tulane
25%
2UC Davis
25%
19UCSB
25%
2Victoria
25%
1Western Washington
25%
1Whitman
25%
4Williams
25%
4Yale
25%
1Case Western Reserve
0%
1Glassboro
0%
2MIT
0%
2Northeastern
0%
1Queens
0%
2Salisbury
0%
1Swarthmore
0%
13Tufts
0%
1Washington University
0%
5Wesleyan
0%
2Winona State University
0%

Score Distribution

Percentile by Number Answered

Percent of People with Each Score

Your Score History

You have not taken this quiz